[Event "Ilmar Raud Memorial 2020"]
[Site "Viljandi"]
[Date "2020.07.12"]
[Round "9.3"]
[White "Laurusas, Tomas"]
[Black "Kiik, Kalle"]
[Result "1-0"]
[WhiteElo "2511"]
[BlackElo "2386"]
[Annotator "TA"]
[PlyCount "63"]
[EventDate "2020.07.08"]
[EventCountry "EST"]
[SourceTitle "playchess.com"]
[Source "ChessBase"]
[SourceQuality "1"]

{[%evp 17,63,20,24,15,13,9,29,26,60,52,62,38,39,41,43,37,37,25,35,27,39,41,75,79,74,76,120,113,210,207,207,210,213,241,314,316,421,413,765,716,1967,1598,1634,1643,1565,1509,1446,1255]} 1. d4 Nf6 2. c4 e6 3. Nf3 Bb4+ 4. Bd2 Qe7 5. g3 b6 6. Bg2 Bb7 7. O-O Bxd2 8. Qxd2 d6 9. Nc3 Ne4 10. Qc2 {E16: Queen's Indian: 4 g3 Bb7 5 Bg2 Bb4+.} Nxc3 11. Qxc3 Nd7 12. c5 {[#] Strongly threatening c6.White has an edge.} Bxf3 $146 ({Predecessor:} 12... Nf6 13. c6 Bc8 14. Rfe1 a5 15. e4 O-O 16. Qa3 Rd8 17. Bf1 Qf8 18. Rac1 {½-½ (45) Balta,M (2220)-Millstone,M (2463) ICCF email 2011}) 13. Bxf3 d5 {[%cal Rb6c5]} 14. e4 dxe4 $1 15. Bxe4 Rd8 16. b4 $36 {[%cal Bb2b4,Bb4b5,Bb5c6][%mdl 2080] White is more active.} O-O 17. Rad1 Nf6 18. Bc6 h5 19. Qa3 bxc5 20. b5 h4 21. Qxc5 Rd6 22. Qxa7 Rxc6 (22... Nd5 $16 {was worth a try.}) 23. bxc6 $18 Nd5 24. Rb1 Qd8 25. Rb3 hxg3 26. hxg3 ({Don't do} 26. fxg3 Qg5 $18) 26... f5 27. Rfb1 f4 (27... Kf7 $142 28. Rb8 Qg5 29. Rxf8+ Kxf8) 28. Rb8 {White is clearly winning.} Qg5 29. Qa3 Rxb8 30. Rxb8+ Kh7 31. Qd3+ g6 32. Qe4 {Accuracy: White = 100%, Black = 47%.} 1-0

[Event "Ilmar Raud Memorial 2020"]
[Site "Viljandi"]
[Date "2020.07.12"]
[Round "9.4"]
[White "Kulaots, Kaido"]
[Black "Sepp, Olav"]
[Result "1-0"]
[WhiteElo "2524"]
[BlackElo "2410"]
[Annotator "TA"]
[PlyCount "67"]
[EventDate "2020.07.08"]
[EventCountry "EST"]
[SourceTitle "playchess.com"]
[Source "ChessBase"]
[SourceQuality "1"]

{[%evp 10,67,42,39,45,0,43,14,77,73,81,75,88,70,120,133,157,145,167,150,152,167,166,158,203,209,237,220,216,114,133,130,352,347,353,311,325,235,207,187,379,366,420,324,318,319,290,279,294,250,251,246,324,322,324,319,316,312,663,656]} 1. e4 e5 2. Nf3 Nc6 3. Bc4 Nf6 4. d3 h6 5. c3 d6 6. Nbd2 {[%cal Bb1d2,Bd2f1,Bf1e3][%mdl 32]} g5 {C55: Two Knights: 4 d3, 4 d4 exd4 5 e5 and Max Lange Attack.} 7. Nf1 Bg7 8. Ne3 O-O {[#]} (8... Ne7 $11) 9. h4 $146 ({Predecessor:} 9. h3 Ne7 10. Bb3 a5 11. g4 Ng6 12. Nf5 d5 13. Qe2 a4 14. Bc2 Re8 15. h4 Bxf5 16. gxf5 {1-0 (51) Popov,I (2636)-Christiansen,J (2597) Moscow 2019}) 9... g4 10. Nh2 $1 h5 11. f3 {[%cal Rf3g4]} Na5 12. Bb5 $1 a6 {[#]} 13. Ba4 $1 d5 14. fxg4 dxe4 15. g5 Nd5 {Black wants to play ...Nxe3.} 16. dxe4 Nf4 17. O-O f6 18. b4 {Black must now prevent gxf6.} b5 19. Qxd8 (19. gxf6 $18 Bxf6 20. Nd5 (20. bxa5 bxa4 21. Nd5 Nxd5 $16) 20... Bxh4 21. Nxf4 (21. bxa5 bxa4 22. Bxf4 exf4 $16) (21. Bxf4 exf4 22. Qxh5 Qg5 $16) 21... exf4 22. Rxf4 (22. bxa5 bxa4 23. Qe2 Be6 $16) (22. Qxh5 Qg5 $16) 22... Rxf4 23. Bxf4 Qxd1+ 24. Bxd1) 19... Rxd8 20. Bd1 Nb7 $2 {A mistake that costs the game.} (20... Nc4 $16 {might work better.}) 21. gxf6 $18 Bxf6 22. g3 Bh3 23. Rf3 {[%mdl 64] Pin} ({Don't do} 23. gxf4 Bxf1 24. Kxf1 Nd6) 23... Kh7 24. Ba3 Rg8 $2 (24... Rd3 {was called for.} 25. Nd5 (25. gxf4 Rg8+ 26. Kh1 Rxe3 $16 {[%mdl 64] Remove Defender}) 25... Rxd5 26. exd5 Rg8) 25. Kh1 Bg4 26. Nhxg4 hxg4 27. Rf1 {[%mdl 64] Pin} Nh5 28. Kg2 Nd6 29. Nf5 ({Less strong is} 29. Bxg4 Nc4 $16) 29... Rad8 {[#]} 30. Bb3 $1 Rgf8 {Threatening ...Nxf5.} 31. Nxd6 Rxd6 32. Rad1 Rfd8 33. Rxd6 cxd6 $2 (33... Rxd6 34. Bf7 Ng7) 34. Bf7 {Accuracy: White = 76%, Black = 52%.} 1-0

[Event "Ilmar Raud Memorial 2020"]
[Site "Viljandi"]
[Date "2020.07.12"]
[Round "9.5"]
[White "Chukavin, Kirill"]
[Black "Shishkov, Andrei"]
[Result "1/2-1/2"]
[WhiteElo "2348"]
[BlackElo "2390"]
[Annotator "TA"]
[PlyCount "34"]
[EventDate "2020.07.08"]
[EventCountry "EST"]
[SourceTitle "playchess.com"]
[Source "ChessBase"]
[SourceQuality "1"]

{[%evp 16,20,39,0,15,11,31]} 1. e4 d5 2. exd5 Nf6 3. Nf3 Nxd5 4. d4 Bg4 5. Be2 e6 6. O-O Be7 7. Ne5 Bxe2 8. Qxe2 O-O 9. c3 Nd7 {B01: Scandinavian Defence.} 10. Rd1 c6 {[#] Not much happened in this game.} {Predecessor:} 11. c4 $146 N5b6 12. Nc3 Bf6 13. f4 Qc7 14. Be3 Rfd8 15. Ne4 Be7 16. a3 Nf6 17. Nxf6+ Bxf6 {½-½ (46) Vassilkova,S-Muzyka,A Mureck 1998} 1/2-1/2

[Event "Ilmar Raud Memorial 2020"]
[Site "Viljandi"]
[Date "2020.07.12"]
[Round "9.6"]
[White "Pohjala, Henri"]
[Black "Haitin, Ilja"]
[Result "1/2-1/2"]
[WhiteElo "2358"]
[BlackElo "2357"]
[Annotator "TA"]
[PlyCount "38"]
[EventDate "2020.07.08"]
[EventCountry "EST"]
[SourceTitle "playchess.com"]
[Source "ChessBase"]
[SourceQuality "1"]

{[%evp 14,15,19,11]} 1. d4 d6 2. g3 g6 3. Bg2 Bg7 4. e4 Nf6 5. Ne2 O-O 6. O-O e5 7. Nbc3 c6 8. a4 {[#]} {Predecessor:} a5 $146 {B07: Pirc Defence: Miscellaneous Systems.} 9. h3 Na6 10. Be3 Nb4 11. Re1 d5 12. dxe5 Nxe4 13. Nxe4 dxe4 14. Bxe4 Bxe5 15. c3 Nd5 16. Bxd5 cxd5 17. Nf4 Re8 18. Qf3 Bxf4 19. Qxf4 Bxh3 {1-0 (57) Oparin,G (2624)-Yuffa,D (2595) Sochi 2019} 1/2-1/2